| 000 | 00844nam a2200253Ia 4500 | ||
|---|---|---|---|
| 008 | 180523s9999 xx 000 0 und d | ||
| 020 | _a0-321-08911-1 | ||
| 050 | _aMAIN PE 1479.S62 | ||
| 050 | _b.R67 2003 | ||
| 100 | _aRoss, Carolyn. | ||
| 245 | 0 | _aWriting for real : | |
| 245 | 2 | _ba handbook for writers in community service / | |
| 245 | 0 | _cCarolyn Ross, Ardel Thomas. | |
| 260 | _aNew York : | ||
| 260 | _bLongman, | ||
| 260 | _c2003 | ||
| 300 | _a311 pages : | ||
| 300 | _c23 cm. | ||
| 500 | _aIncludes bibliographical references and index. | ||
| 650 | _aCommunity and college -- Handbooks, manuals, etc. | ||
| 650 | _aEnglish language -- Rhetoric -- Problems, exercises, etc. | ||
| 650 | _xAcademic writing -- Handbooks, manuals, etc. | ||
| 650 | _xSocial service literature -- Authorship -- Handbooks, manuals, etc. | ||
| 999 |
_c357391 _d357391 |
||